| 000 | 00877nam a22001697a 4500 | ||
|---|---|---|---|
| 003 | OSt | ||
| 005 | 20251213152553.0 | ||
| 008 | 251213b |||||||| |||| 00| 0 eng d | ||
| 040 | _cDCL | ||
| 082 | _a၂၉၄.၃၄၂ | ||
| 100 | 0 | _aဖားအောက်တောရဆရာတော်။ | |
| 245 | 1 |
_aတောကိုတော့ရှင်းလင်းပါ၊ သစ်ပင်ကိုတော့ မခုတ်လှဲပါနှင့် / _cဖားအောက်တောရဆရာတော်။ |
|
| 260 |
_a[ရန်ကုန်] ၊ _b[ပညာဉာဏ်ရောင်ပုံနှိပ်တိုက်]၊ _c[၂၀၀၃]။ |
||
| 300 |
_a၄၉၀ စာမျက်နှာ ၊ _c၂၀ စင်တီ။ |
||
| 650 |
_aဗုဒ္ဓဘာသာ _vတရားတော်။ |
||
| 942 |
_2ddc _cSHORT TERM _n0 |
||
| 999 |
_c2694 _d2694 |
||